| 000 | 00473nmm a2200169Ia 4500 | ||
|---|---|---|---|
| 008 | 251105s9999||||xx |||||||||||||||||und|| | ||
| 020 | _a9788446047247 | ||
| 041 | _aspa | ||
| 100 | _aCancela, Ekaitz | ||
| 245 | 0 | _aDespertar del sueño tecnológico | |
| 264 |
_a[Madrid, España] : _bAkal, _c2019 |
||
| 300 | _a448 páginas | ||
| 490 | _aPensamiento crítico | ||
| 650 | _aPhilosophy, Ethics | ||
| 856 | _uhttps://public.digitaliapublishing.com/a/60740 | ||
| 942 | _cCF | ||
| 999 |
_c83153 _d83153 |
||